| 000 | 00916nam a2200349 a 4500 | ||
|---|---|---|---|
| 001 | 31464 | ||
| 003 | AR-BaAGN | ||
| 005 | 20231116150032.0 | ||
| 007 | ta | ||
| 008 | 220625s1991 ag |||||r|||| ||||||spa d | ||
| 020 | _a950-99748-2-X | ||
| 040 |
_dAR-BaAGN _aAR-BaAGN _bspa _eaacr |
||
| 100 | 1 | _aAguinaga, Carlos E. | |
| 245 | 1 | 0 |
_aNi década ni infame : _bdel 30 al 43 |
| 250 | _a1ª ed. | ||
| 260 |
_aBuenos Aires : _bJorge Baudino, _c1991. |
||
| 300 | _a303 páginas | ||
| 336 |
_2rdacontent _btxt |
||
| 337 |
_2rdamedia _bn |
||
| 338 |
_2rdacarrier _bnc |
||
| 650 | 4 |
_aMILITARES _91832 |
|
| 650 | 4 |
_aGOLPE DE ESTADO _91324 |
|
| 650 | 4 |
_aPOLÍTICA _92164 |
|
| 651 | 4 |
_aArgentina _93645 |
|
| 700 | 1 |
_aAzaretto, Roberto A. _eaui |
|
| 700 | 1 |
_aFraga, Rosendo, _d1952- _eaui _9127 |
|
| 942 | _cLIBRO | ||
| 999 |
_c31464 _d31464 |
||